01896nam a2200517 i 450000100060000000300090000600500170001500800410003201500180007303500230009103500360011403500140015003500210016403500230018503500440020804000280025204100130028004500100029304600090030308000200031210000410033224500570037324600420043026000990047230001220057133600270069333700540072033800280077438000160080238000230081838800140084138800140085550400450086954600400091461000510095464800190100564800190102465000410104365000410108465000380112565100370116365500150120065800130121571000520122885600980128035655KOSZ 00520241213062926.0231016s1994 pl a g 001 0 pol  aUWD 1995/6649 a991000070379705066 a(PL-WaBN)b10059180-48omnis_nlop ab10059180 a(OCoLC)804265815 a(PL)b0000001005918 a(EXLNZ-48OMNIS_NETWORK)9910435732705606 aWA NcWA NdKOSZ 005/RW0 apolbeng bd1944 k1994 a94(438).082.2181 aBielecki, Robertd(1939-1998)eAutor10aDługa 7 w Powstaniu Warszawskim /cRobert Bielecki.3 aDługa siedem w Powstaniu Warszawskim aWarszawa :bNaczelna Dyrekcja Archiwów Państwowych. Archiwum Główne Akt Dawnych,c1994. a[2], 120, [2] stron, [40] stron tablic, [1] karta tablic złożona :bfaksy, fotografie, portrety, rysunki ;c24 cm. aTekstbtxt2rdacontent aBez urządzenia pośredniczącegobn2rdamedia aWoluminbnc2rdacarrier aKsiążki aPublikacje naukowe1 a1901-20001 a1989-2000 aBibliografia na stronach 97-102. Indeks. aStreszczenie w języku angielskim.27aObwód Śródmieście (Armia Krajowa)2DBN 7a1901-20002DBN 7a1939-19452DBN 7aII wojna światowa (1939-1945)2DBN 7aPałac Raczyńskich (Warszawa)2DBN 7aPowstanie warszawskie (1944)2DBN 7aWarszawa (woj. mazowieckie)2DBN 7aMonografia aHistoria2 aNaczelna Dyrekcja Archiwów Państwowych4pbl uhttp://koha.tu.koszalin.pl/cgi-bin/koha/opac-detail.pl?biblionumber=35655yKatalog online BPK